[Event "GER-ch U10"]
[Site "Willingen"]
[Date "2009.06.03"]
[Round "6"]
[White "Scheinhuette, Jakob"]
[Black "Hemprich, Iustus"]
[Result "0-1"]
[WhiteElo "1174"]
[BlackElo "1420"]
[PlyCount "125"]
[EventDate "2009.05.30"]
[EventType "swiss"]
[EventRounds "11"]
[EventCountry "GER"]
[SourceTitle "EXT 2010"]
[Source "ChessBase"]
[SourceDate "2010.11.25"]
[SourceVersion "1"]
[SourceVersionDate "2010.11.25"]
[SourceQuality "1"]

1. e4 c5 2. Nf3 d6 3. Bb5+ Bd7 4. Bxd7+ Qxd7 5. 0-0 Nc6 6. Nc3 Nf6 7. d3 e6 8. Bg5 Be7 9. Qd2 0-0 10. Rfe1 h6 11. Bh4 g5 12. Bg3 Nh5 13. h4 Nxg3 14. fxg3 g4 15. Nh2 Kg7 16. Nxg4 Rh8 17. Rf1 Raf8 18. Qf4 e5 19. Qf3 Nd4 20. Qd1 Nxc2 21. Nxe5 dxe5 22. Qxc2 c4 23. dxc4 Qd4+ 24. Kh2 Qxc4 25. Qd1 Qe6 26. Nd5 Rd8 27. Qh5 Rd7 28. Rf5 Bg5 29. hxg5 Rxd5 30. Rxf7+ Qxf7 31. Qxf7+ Kxf7 32. exd5 hxg5+ 33. Kg1 Ke7 34. Kf2 Kd6 35. Rd1 Rc8 36. Rd2 Rc5 37. Ke3 Rxd5 38. Rxd5+ Kxd5 39. Kd3 g4 40. b3 a6 41. a3 b6 42. a4 a5 43. Ke3 e4 44. Ke2 Kd4 45. Kd2 e3+ 46. Kc2 e2 47. Kd2 e1Q+ 48. Kxe1 Kc3 49. Ke2 Kxb3 50. Ke3 Kxa4 51. Kf4 b5 52. Kxg4 b4 53. Kh5 b3 54. g4 b2 55. g5 b1Q 56. g6 Qb8 57. g7 Qg8 58. Kh6 Kb5 59. g4 a4 60. g5 a3 61. Kg6 Kb4 62. Kf6 a2 63. g6 0-1

[Event "GER-ch U10"]
[Site "Willingen"]
[Date "2008.05.11"]
[Round "11"]
[White "Lagunow, Raphael"]
[Black "Hemprich, Iustus"]
[Result "1/2-1/2"]
[WhiteElo "1683"]
[BlackElo "1184"]
[PlyCount "65"]
[EventDate "2008.05.11"]
[EventType "swiss"]
[EventRounds "11"]
[EventCountry "GER"]
[SourceTitle "CBM 124 Extra"]
[Source "ChessBase"]
[SourceDate "2008.07.03"]
[SourceVersion "1"]
[SourceVersionDate "2008.07.03"]
[SourceQuality "1"]

1. e4 c5 2. Nf3 Nc6 3. d4 cxd4 4. Nxd4 Nf6 5. Nc3 e5 6. Ndb5 d6 7. Bg5 a6 8. Na3 b5 9. Bxf6 Qxf6 10. Nd5 Qd8 11. c3 Be7 12. Nc2 Bg5 13. Be2 Be6 14. 0-0 Ne7 15. Ncb4 0-0 16. Kh1 a5 17. Nc2 Bxd5 18. exd5 Qb6 19. Qd3 Rab8 20. Na3 b4 21. cxb4 axb4 22. Nb5 Qc5 23. Rad1 Rb7 24. Qc4 Rd8 25. Qxc5 dxc5 26. d6 Nc6 27. Rd5 Nd4 28. Nxd4 exd4 29. Rxc5 Rxd6 30. Rc8+ Rd8 31. Rxd8+ Bxd8 32. Rd1 Rd7 33. Kg1 1/2-1/2

[Event "GER-ch U10"]
[Site "Willingen"]
[Date "2008.05.11"]
[Round "7"]
[White "Peters, Tom"]
[Black "Hemprich, Iustus"]
[Result "1-0"]
[WhiteElo "1472"]
[BlackElo "1184"]
[PlyCount "57"]
[EventDate "2008.05.11"]
[EventType "swiss"]
[EventRounds "11"]
[EventCountry "GER"]
[SourceTitle "CBM 124 Extra"]
[Source "ChessBase"]
[SourceDate "2008.07.03"]
[SourceVersion "1"]
[SourceVersionDate "2008.07.03"]
[SourceQuality "1"]

1. e4 c5 2. Nf3 Nc6 3. d4 cxd4 4. Nxd4 e5 5. Nb5 a6 6. Nd6+ Bxd6 7. Qxd6 Qe7 8. Qxe7+ Ngxe7 9. Bc4 0-0 10. 0-0 d6 11. Nc3 Kh8 12. f3 f5 13. Bd2 Bd7 14. Na4 Nc8 15. Bd5 b5 16. Nc3 Nb6 17. Be3 Nxd5 18. Nxd5 f4 19. Bf2 Be6 20. Nc7 Rac8 21. Nxe6 Rfe8 22. Ng5 Kg8 23. Kh1 h6 24. Nh3 Rc7 25. Rfd1 Re6 26. a3 Rd7 27. Ng1 d5 28. Rxd5 Rxd5 29. exd5 1-0

[Event "GER-ch U10"]
[Site "Willingen"]
[Date "2008.05.11"]
[Round "4"]
[White "Storch, Domenic"]
[Black "Hemprich, Iustus"]
[Result "1/2-1/2"]
[WhiteElo "1338"]
[BlackElo "1184"]
[PlyCount "37"]
[EventDate "2008.05.11"]
[EventType "swiss"]
[EventRounds "11"]
[EventCountry "GER"]
[SourceTitle "CBM 124 Extra"]
[Source "ChessBase"]
[SourceDate "2008.07.03"]
[SourceVersion "1"]
[SourceVersionDate "2008.07.03"]
[SourceQuality "1"]

1. d4 d5 2. c4 c6 3. Nc3 Nf6 4. Nf3 e6 5. Bg5 Be7 6. e3 0-0 7. b3 h6 8. Bh4 Nbd7 9. Bd3 Qc7 10. 0-0 e5 11. Bg3 Bd6 12. c5 Be7 13. b4 Nh5 14. Bxe5 Nxe5 15. Nxe5 Nf6 16. Qb3 Nd7 17. Nxd7 Bxd7 18. Rad1 Rab8 19. Qa3 1/2-1/2